Biblioteca

Portavoz de la gracia (Registro nro. 68197)

Detalles MARC
000 -LIDER / CABECERA
fixed length control field 00978nas a2200289 i 4500
001 - NUMERO DE CONTROL
control field 768714001
003 - IDENTIFICADOR DEL NUMERO DE CONTROL
control field CO-MdFUSB
005 - FECHA Y HORA DE LA ULTIMA TRANSACCION
control field 20240826122208.0
008 - ELEMENTOS DE LONGITUD FIJA
fixed length control field 220923t2016 -us||||| |||| 00| 0 spa d
037 ## - FUENTE DE ADQUISICION
Proveedor Chapel Library
040 ## - FUENTE/ORIGEN DE LA CATALOGACIÓN
Agencia Catalogadora CO-MdFUSB
Lenguaje de catalogación spa
Agencia que realiza la transcripción CO-MdFUSB
Agencia que realiza la modificación CO-MdFUSB
Norma de descripción rda
041 ## - IDIOMA
Código de lengua del texto/banda sonora o título independiente spa
Código de idioma original spa
245 ## - TÍTULO PROPIAMENTE DICHO
Title Portavoz de la gracia
/ Mención de Responsabilidad / Chapel Library
264 #1 - PRODUCCIÓN, PUBLICACIÓN, DISTRIBUCIÓN, MANUFACTURA, Y COPYRIGHT
Lugar de producción, publicación, distribución, fabricación : Estados unidos :
Nombre del de productor, editor, distribuidor, fabricante, Chapel Library,
Fecha de de producción, publicación, distribución, fabricación o copyright [2016]
264 #4 - PRODUCCIÓN, PUBLICACIÓN, DISTRIBUCIÓN, MANUFACTURA, Y COPYRIGHT
Fecha de de producción, publicación, distribución, fabricación o copyright ©2016
300 ## - DESCRIPCIÓN FÍSICA
Extent Número 18 (2016)
Dimensions ; 23 cm
310 ## - PERIODICIDAD ACTUAL
Periodicidad actual No aplica
Fecha de comienzo de la periodicidad actual 2016
336 ## - TIPO DE CONTENIDO
Fuente rdacontent
Término de tipo de contenido texto
Código de tipo de contenido txt
337 ## - TIPO DE MEDIO
Fuente rdamedia
Nombre del tipo de medio sin mediación
Código del tipo de medio n
338 ## - TIPO DE SOPORTE
Nombre del tipo de soport volumen
362 ## - FECHAS DE PUBLICACIÓN Y/O DESIGNACIÓN SECUENCIAL
Fecha de publicación y/o designación secuencial (Volumen) Número 18
500 ## - NOTA GENERAL
General note Nuestro propósito : " Humillar el orgullo del hombre, exaltar la gracia de Dios en la salvación y promover santidad verdadera en el corazón y la vida".
650 ## - PUNTO DE ACCESO ADICIONAL DE MATERIA -TÉRMINO DE MATERIA
Subdivisión de forma Publicaciones seriadas
650 #7 - PUNTO DE ACCESO ADICIONAL DE MATERIA -TÉRMINO DE MATERIA
Término de materia o nombre geográfico como elemento inicial Gracia (Teología)
9 (RLIN) 364
773 ## - ENLACE AL DOCUMENTO FUENTE
Place, publisher, and date of publication Estados Unidos : Chapel Library , [2016]
942 ## - ELEMENTOS ADICIONALES (KOHA)
Source of classification or shelving scheme Dewey Decimal Classification
Estado de la suscripción No aplica
Koha item type Revistas y Fascículos
Existencias
Expurgo - (Retirado) Estado de Perdido Estado de Dañado Not for loan Colección Home library Current library Ubicación en Estantería Date acquired Signatura topográfica Barcode Copy number Koha item type
        Colección Patrimonial Biblioteca FUSBC Biblioteca FUSBC Hemeroteca 23/09/2022 Número 18, 2016 R2112 Ej. 1 Artículos de Revista

Biblioteca FUSBC | Teléfono: (57+4) 349 88 10 Ext. 141| WhatsApp (+57) 3005338115 
E-mail: biblioteca@unisbc.edu.co | Calle 76 87-14 Robledo Palenque, Medellín, Colombia

Con tecnología Koha